Squadre - Europei 2000 - Statistics

Statistiche generali
  • Questo quiz è stato fatto 16 volte
  • Il punteggio medio è 14 su 16
Statistiche sulle risposte
Squadra % Corretto
Belgio
100%
Francia
100%
Italia
100%
Paesi Bassi
100%
Portogallo
100%
Spagna
100%
Germania
93%
Inghilterra
93%
Romania
87%
Slovenia
87%
Svizzera
87%
Danimarca
80%
Repubblica Ceca
80%
Turchia
80%
Norvegia
60%
Jugoslavia
27%
Nessun quiz corrispondente trovato
Distribuzione punteggi
Percentuale di utenti per punteggio
Percentile per numero di risposta
I tuoi punteggi nel tempo
Non hai fatto questo quiz